000 00691cam a22001937a 4500
008 180718b2006 xxu||||| |||| 00| 0 eng d
082 _aT19x54 M474/12
100 _aBadiger, Arvind
245 _aEconomic reforms and drug policy: a micro level analysis
_cby Arvind Badiger, G.K. Kadekodi and Nayanatara S.N.
260 _aNew Delhi
_bIndian Institute of Public Administration and United Nations United Development
_c2006
300 _a27p.
650 _aEmergency management
650 _aLand reform - India
650 _aMedical care - India
650 _aIndia - Economic conditions
650 _aEconomic reform - India
700 _aS.N., Nayanatara
700 _aKadekodi, G.K.
999 _c493439
_d493439